Straight and level : practical airline economics
Αποθηκεύτηκε σε:
| Κύριος συγγραφέας: | |
|---|---|
| Μορφή: | Βιβλίο |
| Γλώσσα: | English |
| Δημοσίευση: |
Aldershot :
Aldershot,
c2003
|
| Έκδοση: | 2nd ed. |
| Θέματα: | |
| Ετικέτες: |
Προσθήκη ετικέτας
Δεν υπάρχουν, Καταχωρήστε ετικέτα πρώτοι!
|
MARC
| LEADER | 00000nam a2200000 i 4500 | ||
|---|---|---|---|
| 001 | 1/78461 | ||
| 008 | 080321r2003 eng d | ||
| 020 | |a 978-0-7546-1930-7 (pbk.) | ||
| 035 | |l 10095736 | ||
| 040 | |a GR-MY-UA |b gre |e aacr | ||
| 041 | 0 | |a eng | |
| 082 | 0 | |a 387.71 |2 (22) | |
| 100 | 1 | |a Holloway, Stephen |d 1952- | |
| 245 | 1 | 0 | |a Straight and level : |b practical airline economics / |c Stephen Holloway |
| 250 | |a 2nd ed. | ||
| 260 | |a Aldershot : |b Aldershot, |c c2003 | ||
| 300 | |a xxiii, 654 σ.; |b πίν., σχέδια; |c 24 εκ. | ||
| 500 | |a To Παράρτημα της Χίου διαθέτει την ανατύπωση, 2007 | ||
| 504 | |a Βιβλιογραφία : σ. 605-619. Ευρετήριο | ||
| 650 | 0 | 0 | |a Aeronautics, Commercial |x Finance. |
| 852 | |a INST |b CHIOS |e 20080321 |h 387.71 HOL |p 005200026094 |q 005200026094 |t BK |y 0 | ||
| 901 | |a BIBL2-2008-1 | ||
| 909 | |a Χ |b 151089 | ||
| 922 | |a 2ΕΛΗ |b 200803 |c ΕΠΕΑΕΚ2/ΤΝΕΥ |d ΠΑΠΑΣΩΤΗΡΙΟΥ | ||
| 970 | |a ΒΑΡΦΗΣ |b ΒΑΓΓΕΛΗΣ |z 2008/03/21 | ||